01100 a2200169 45000010006000000050017000060080041000230030015000640400040000790800019001192450059001382640044001973000019002415050639002600410008008991000023009075458320260407155820.0260407a1979 arg spa dAR-UNSa-BCEJYS aAR-UNSa-BCEJYSbspacAR-UNSa-BCEJYS a32xPolítica10aCompendio de ciencia políticapTeoría política I 1aBuenos Aires :bEdiciones Depalmac1979 a383 p.c23 cm. aVol. I: 1. El conocimiento de lo político – 2. Sistematización teórica – 3. Sistematización general – 4. La realidad política – 5. La acción política – 6. El comportamiento político – 7. El poder político – 8. La autoridad política – 9. La relación del poder basada en la negociación – 10. La relación del poder basada en el liderazgo político – 11. La dominación política – 12. Las bases de legitimidad del poder político – 13. Teoría de la clase política o dirigente – 14. Teoría de la burocracia – 15. El sistema político – 16. Proceso del sistema político. aspa1 aMelo, Artemio Luis